Online katalóg knižníc regiónu Turca

Básnické prviesenky ; Vzhledanie ; Rozličné básne (Record no. 21187)

MARC details
000 -LEADER
fixed length control field 01145nam a2200337 a 4500
001 - CONTROL NUMBER
control field 21187
003 - CONTROL NUMBER IDENTIFIER
control field VRT
005 - DATE AND TIME OF LATEST TRANSACTION
control field 20260224142317.0
008 - FIXED-LENGTH DATA ELEMENTS--GENERAL INFORMATION
fixed length control field 181121s1949 xo slo
015 ## - NATIONAL BIBLIOGRAPHY NUMBER
National bibliography number SKSNBA19451955-004135
035 ## - SYSTEM CONTROL NUMBER
System control number SK01SNKBKSFS20010067252
035 ## - SYSTEM CONTROL NUMBER
System control number SKM000069715
039 #9 - LEVEL OF BIBLIOGRAPHIC CONTROL AND CODING DETAIL [OBSOLETE]
Level of rules in bibliographic description 202112230803
Level of effort used to assign nonsubject heading access points AUTHORITY
Level of effort used to assign subject headings 202112222015
Level of effort used to assign classification AUTHORITY
Level of effort used to assign subject headings 201811210650
Level of effort used to assign classification VLOAD
Level of effort used to assign subject headings 201811122010
Level of effort used to assign classification VLOAD
040 ## - CATALOGING SOURCE
Original cataloging agency SNK
Language of cataloging slo
Transcribing agency SNK
Description conventions AACR2
041 1# - LANGUAGE CODE
Language code of text/sound track or separate title slo
044 ## - COUNTRY OF PUBLISHING/PRODUCING ENTITY CODE
MARC country code xo
ISO country code SK
080 ## - UNIVERSAL DECIMAL CLASSIFICATION NUMBER
Universal Decimal Classification number 885.4
Edition identifier 1981
100 1# - MAIN ENTRY--PERSONAL NAME
Personal name Hviezdoslav, Pavol Országh,
Dates associated with a name 1849-1921
Relationship aut
245 10 - TITLE STATEMENT
Title Básnické prviesenky ; Vzhledanie ; Rozličné básne
Statement of responsibility, etc. [Pavol Országh] Hviezdoslav
250 ## - EDITION STATEMENT
Edition statement (3. vyd.)
260 ## - PUBLICATION, DISTRIBUTION, ETC.
Place of publication, distribution, etc. Turčiansky Sv. Martin
Name of publisher, distributor, etc. Matica slovenská
Date of publication, distribution, etc. 1949
Place of manufacture Turčiansky Sv. Martin
Manufacturer Neografia
300 ## - PHYSICAL DESCRIPTION
Extent 478, [7] s.
Dimensions
490 1# - SERIES STATEMENT
Series statement Sobrané spisy básnické
Volume/sequential designation sv. 11
563 ## - BINDING INFORMATION
Binding note 2.000 výtlač.
650 07 - SUBJECT ADDED ENTRY--TOPICAL TERM
Topical term or geographic name entry element slovenská poézia
655 #7 - INDEX TERM--GENRE/FORM
Genre/form data or focus term umelecká literatúra
Source of term SNKPH
830 #0 - SERIES ADDED ENTRY--UNIFORM TITLE
Uniform title Sobrané spisy básnické
910 ## - USER-OPTION DATA (OCLC)
User-option data kis3gmm
942 ## - ADDED ENTRY ELEMENTS (KOHA)
Source of classification or shelving scheme Dewey Decimal Classification
Koha item type Krásna literatúra pre dospelých
Suppress in OPAC No
Holdings
Stav vyradenia Strata Poškodenie Spôsob nadobudnutia Domovská knižnica Aktuálna knižnica Dátum nadobudnutia Total checkouts Čiarový kód exemplára Date last seen Typ exemplára
      Dar Obecná knižnica Horná Štubňa Obecná knižnica Horná Štubňa 24.02.2026   4736201013 24.02.2026 Krásna literatúra pre dospelých
Projekt je podporený Slovenskou asociáciou knižníc
Prevádzkuje Turčianska knižnica Martin 2026